000 00340nam a2200133 i 4500
001 bg
100 1 _aGRUBIN, A. W.
245 0 _aNelinejnye zadaci koncentracii naprjażenij w detaljach masin /
_cA.W. Grubin.
260 _aLeningrad,
_c1972.
040 _cBPK
041 _apol
942 _cKS
008 s pl f |000 0 pol
999 _c15328
_d15328
856 _uhttp://koha.tu.koszalin.pl/cgi-bin/koha/opac-detail.pl?biblionumber=15328
_yKatalog online BPK